Mecanismos cerebrales de la sustitución sensorial (Record no. 210945)
[ view plain ]
| 000 -CABECERA | |
|---|---|
| campo de control de longitud fija | 00800nam a2200253 a 4500 |
| 005 - FECHA Y HORA DE LA ÚLTIMA TRANSACCIÓN | |
| campo de control | 20240827063714.0 |
| 008 - DATOS DE LONGITUD FIJA--INFORMACIÓN GENERAL | |
| campo de control de longitud fija | 240209s1979 mx |||||r|||| 000 0 spa d |
| 040 ## - FUENTE DE CATALOGACIÓN | |
| Agencia de catalogación original | MX-MxUPN |
| Idioma de catalogación | spa |
| Agencia que realiza la transcripción | MX-MxUPN |
| 041 1# - | |
| -- | spa |
| -- | eng |
| 050 14 - | |
| -- | RE986 |
| -- | B33 1979 |
| 100 1# - | |
| -- | Bach-y-Rita, Paul, |
| -- | 1934- |
| -- | 53240 |
| 245 10 - MENCIÓN DE TÍTULO | |
| Título | Mecanismos cerebrales de la sustitución sensorial |
| 250 ## - MENCIÓN DE EDICIÓN | |
| Mención de edición | Primera edición. |
| 260 ## - PUBLICACION, DISTRIBUCION, ETC. (PIE DE IMPRENTA) | |
| Lugar de publicación, distribución, etc. | México, D.F. : |
| Nombre del editor, distribuidor, etc. | Trillas, |
| Fecha de publicación, distribución, etc. | 1979 |
| 300 ## - DESCRIPCIÓN FÍSICA | |
| Extensión | 214 páginas |
| 500 ## - NOTA GENERAL | |
| Nota general | Traducción de: Brain mechanisms in sensory substitution. |
| 650 #4 - | |
| -- | Visión por computadora |
| -- | 53241 |
| 650 #4 - | |
| -- | Sentidos y sensaciones |
| -- | 6763 |
| 650 #4 - | |
| -- | Sistema nervioso central |
| -- | 44621 |
| 902 ## - ELEMENTOS DE DATOS B LOCAL, LDB (RLIN) | |
| Creó | LC090224 |
| Modificó | Víctor Ruiz/260824 |
| 942 ## - ELEMENTOS DE PUNTO DE ACCESO ADICIONAL (KOHA) | |
| Fuente del sistema de clasificación o colocación | Library of Congress Classification |
| Tipo de ítem Koha | Libro |
| Estado de retiro | Estado de pérdida | Fuente del sistema de clasificación o colocación | Estado dañado | No para préstamo | Código de colección | Localización permanente | Ubicación/localización actual | Ubicación en estantería | Fecha de adquisición | Signatura topográfica completa | Código de barras | Fecha visto por última vez | Precio válido a partir de | Tipo de ítem Koha |
|---|---|---|---|---|---|---|---|---|---|---|---|---|---|---|
| Library of Congress Classification | Colección General | Bib. Gregorio Torres Quintero | Bib. Gregorio Torres Quintero | Planta baja | 09/02/2024 | RE986 B33 1979 | 338061 | 09/02/2024 | 09/02/2024 | Libro |
